| 000 | 004450000a22001810004500 | ||
|---|---|---|---|
| 005 | 20120302053506.0 | ||
| 942 | _cBOOK | ||
| 100 | _a Sankaracharya | ||
| 245 | _a Pancikaranam of Sri Sankaracharya | ||
| 250 | _a 2nd | ||
| 260 | _aCalcutta:Advaita Ashrama, 5 Dehi Entally Road 14,1972 | ||
| 300 | _axxii,64p | ||
| 040 | _aENG | ||
| 365 | _bRs.2.00 | ||
| 650 | _aPhilosophy | ||
| 650 | _aUpanishad | ||
| 650 | _aSankaracharya-Pancikaranam | ||
| 999 |
_c343018 _d343015 |
||